000 00537nam a2200193Ia 4500
005 20260120132024.0
008 008 260114s9999 xx 000 0 eng d
020 _a9781383008883
037 _aEBOOK
040 _aCRL
_beng
_cCRL
041 _aeng
_2eng
084 _qCRL
100 _aCooper
_9933995
245 4 _aThe Mendelssohns: Their Music in History
260 _bOxford University PressOxford University Press
_c2023
856 _uhttps://academic.oup.com/book/49333
942 _cEBOOK
999 _c1525918
_d1525918